000 01056nam2a22002531 4500
001 RU\NLR\INFOCOMM20\5000029150
005 20250617030224.0
035 _a(NLR Aleph) 002403012
090 _a4665522
_c4665522
100 _a20050118d2000 |||y0rusy50 ca
101 0 _arus
102 _aRU
105 _ay ||||000|y
200 1 _aОбойдемся без таблеток
_fВ.Н. Сергеев
210 _d2000
_aБ. м.
461 0 _1001RU\NLR\INFOCOMM20\5000029104
_12001#$aФиС. Золотая библиотека здоровья$eАльм.$eПрил. к журн. "Физкультура и спорт"$vВып.17
_94663593
_cМ.
_d1996-
_nЖурн. "Физкультура и спорт"
_oАльм. : Прил. к журн. "Физкультура и спорт"
_tФиС. Золотая библиотека здоровья
_vВып.17
700 1 _aСергеев
_bВ.Н.
_4070
801 1 _aRU
_bInfoComm
_c20050118
801 0 _aRU
_bNLR
_gPSBO
852 _aNLR
_jП16/1753
942 _cISSUE
980 _aNB
980 _aRUSPER